Removal of an arbitrator (Record no. 70187)

MARC details
000 -LEADER
fixed length control field 01197cam a2200241 4500
001 - CONTROL NUMBER
control field ABS65365
008 - FIXED-LENGTH DATA ELEMENTS--GENERAL INFORMATION
fixed length control field 020508n2002 000 0 eng u
035 ## - SYSTEM CONTROL NUMBER
System control number (Sirsi) u117864
245 ## - TITLE STATEMENT
Title Removal of an arbitrator
260 ## - PUBLICATION, DISTRIBUTION, ETC.
Date of publication, distribution, etc. 2002
490 ## - SERIES STATEMENT
Series statement Arbitration Law Monthly
Volume/sequential designation 2(3) March 2002, 1-6(6)
520 ## - SUMMARY, ETC.
Summary, etc. Assessment of "Wicketts and Sterndale v Brine Builders" 2001, unreported, which is significant relating to manner in which arbitrators conduct proceedings, removal of arbitrators, orders for security for costs, peremptory orders, adjustment of fees of removed arbitrator, waiver, and extent to which arbitrator should be liable for costs of judicial proceedings relating to his conduct. Arbitrator was removed after doubts of arbitrators competence, after accused by claimant of allowing costs to escalate.
590 ## - LOCAL NOTE (RLIN)
Local note ABS
650 ## - SUBJECT ADDED ENTRY--TOPICAL TERM
Topical term or geographic name entry element ARBITRATORS
650 ## - SUBJECT ADDED ENTRY--TOPICAL TERM
Topical term or geographic name entry element WICKETTS AND STERNDALE V BRINE BUILDERS AND SIEDERER
650 ## - SUBJECT ADDED ENTRY--TOPICAL TERM
Topical term or geographic name entry element ARBITRATION ACT 1996 S24
650 ## - SUBJECT ADDED ENTRY--TOPICAL TERM
Topical term or geographic name entry element WAIVERS
650 ## - SUBJECT ADDED ENTRY--TOPICAL TERM
Topical term or geographic name entry element PEREMPTORY ORDERS
650 ## - SUBJECT ADDED ENTRY--TOPICAL TERM
Topical term or geographic name entry element FEES
690 ## - LOCAL SUBJECT ADDED ENTRY--TOPICAL TERM (OCLC, RLIN)
Topical term or geographic name as entry element MANGEMENT-DISPUTE AVOIDANCE, MANAGEMENT AND RESOLUTION-DISPUTE MANAGEMENT AND RESOLUTION
700 ## - ADDED ENTRY--PERSONAL NAME
Personal name Merkin, R
942 ## - ADDED ENTRY ELEMENTS (KOHA)
Suppress in OPAC 0
Holdings
Withdrawn status Lost status Source of classification or shelving scheme Damaged status Not for loan Home library Current library Shelving location Date acquired Total Checkouts Full call number Barcode Date last seen Copy number Price effective from Koha item type
    Dewey Decimal Classification     London London Journal article 08/05/2002   ABS65365 117864-1001 06/08/2019 1 06/08/2019 Journal article